| 000 | 00536 a2200157 4500 | ||
|---|---|---|---|
| 020 | _a9693513088 | ||
| 040 | _aDLC | ||
| 100 | 1 | _aGulbadan, | |
| 245 | 1 | 0 |
_aHumayun-nama: the history of Humayun _bthe history of Humayun / _cGulbadan Begum ; translated with introduction & notes by Annette S. Beveridge. |
| 260 |
_aLahore : _bSang-e-Meel Publications, _c2002. |
||
| 300 |
_a331, 96 p. : _bill. ; _c22 cm. |
||
| 500 | _aIncludes index. | ||
| 600 | 0 | 0 |
_aHumayun, _d1508-1556. |
| 651 | 0 |
_aMogul Empire _xHistory. |
|
| 942 |
_cBK _k954.0253 GUL _2ddc |
||
| 999 |
_c5143 _d5143 |
||